Score 0/57 Timer 14:00
2 Plays Today
Year & Genre(s) Film % Correct
2001: ComedyZoolander
85%
1939: MusicalThe Wizard of Oz
84.8%
2000: SuperheroX-Men
83.6%
2005: ComedyWedding Crashers
81.6%
1998: SciFi (X)The X-Files
79.1%
1998: Romance (Y)You've Got Mail
78.9%
2008: ComedyYes Man
78.6%
2008: AnimatedWALL-E
75.8%
1961: MusicalWest Side Story
75.7%
1998: Comedy/SportsThe Waterboy
73.8%
1989: RomanceWhen Harry Met Sally
73.3%
1970:DocumentaryWoodstock
72.1%
1992: Comedy (W)Wayne's World
72%
2006: Action (V)V for Vendetta
68.9%
2002: ActionxXx
68.4%
2008: HistoryValkyrie
67.6%
1987: CrimeThe Untouchables
67.4%
1992: WesternUnforgiven
66%
1958: MysteryVertigo
62.8%
1994: BiopicWyatt Earp
60.8%
2009: DramaUp in the Air
60.5%
1997: DisasterVolcano
60.1%
2007: Drama (Z)Zodiac
60%
1974: Comedy (Y)Young Frankenstein
58.5%
2003: ActionUnderworld
57%
1983: DramaYentl
56.3%
1980: Musical (X)Xanadu
55.1%
2008: Comedy (Z)Zack and Miri Make a Porno
54%
1988: ComedyWorking Girl
52.7%
Year & Genre(s) Film % Correct
1978: AnimatedWatership Down
51.8%
1985: CrimeWitness
49.7%
2004: AdventureVan Helsing
49.3%
1999: SportsVarsity Blues
49.2%
2009: SuperheroWatchmen
49.2%
2000: ThrillerUnbreakable
48.2%
1964: WarZulu
48%
1995: Crime (U)The Usual Suspects
47.9%
1980: RomanceUrban Cowboy
46.4%
1992: ActionUnder Siege
44.8%
2008: RomanceVicky Cristina Barcelona
42.6%
1998: Action U.S. Marshals
41.6%
2006: DramaUnited 93
40.8%
2000: Action/WarU-571
40.7%
1941: HorrorThe Wolf Man
40.1%
2008: MysteryVantage Point
36.8%
1985: SpyA View to a Kill
32.8%
1979: ActionThe Warriors
31.6%
2002: Comedy (U)Undercover Brother
29.5%
1982: CourtroomThe Verdict
28.9%
1973: Action (W)WestWorld
28.8%
1998: HorrorUrban Legend
28.4%
1999: DramaThe Virgin Suicides
26%
1960/95: HorrorVillage of the Damned
24%
2000: Action (V)Vertical Limit
23.8%
1949: GangsterWhite Heat
18.6%
1995: SciFiVirtuosity
18.2%
1996: ComedyWaiting for Guffman
14.2%
Remove Ads.
Support Sporcle.
Get the best of Sporcle when you Go Orange. This ad-free experience offers more features, more stats, and more fun while also helping to support Sporcle. Thank you for becoming a member.

You're not logged in!

Compare scores with friends on all Sporcle quizzes.
OR
Log In

Show Comments

Extras

Top Quizzes Today


Score Distribution

Your Account Isn't Verified!

In order to create a playlist on Sporcle, you need to verify the email address you used during registration. Go to your Sporcle Settings to finish the process.

Report this User

Report this user for behavior that violates our Community Guidelines.

Details: